Rust Throwables - Statistics

General Stats
  • This quiz has been taken 458 times
  • The average score is 9 of 10
Answer Stats
Hint Answer % Correct
Used for pvp F1 Grenade
97%
Blinds players Flashbang
97%
Strongest explosive for raiding Timed Explosive Charge
96%
Used for raiding wooden bases Molotov Cocktail
95%
Used for early raiding Satchel Charge
91%
You spawn with these in winter Snowball
89%
Used to craft the former Beancan Grenade
83%
Often used to turn scrap into gunpowder Smoke Grenade
80%
Calls a crate Supply Signal
78%
Used to light up the enviroment Flare
75%
No matching quizzes found
Score Distribution
Percent of People with Each Score
Percentile by Number Answered
Your Score History
You have not taken this quiz